000 00523nam a2200145Ia 4500
008 231129s1995||||xx |||||||||||||| ||spa||
020 _a958-9206-69-7
040 _bspa
082 _a306 E56ge
100 _aEncuentro Internacional sobre Formación en Gestión Cultural
245 0 _aEl gestor cultural: Agente social
260 _c1995
264 _aMinisterio de Educación y Cultura de Ecuador; Convenio Andrés Bello; Organización de Estados Iberoamericanos
942 _2ddc
_cBKS
999 _c11146
_d11146